[Event "25.Schlosspark-Open"]
[Site "Wiesbaden-Biebrich"]
[Date "2013.08.24"]
[Round "4.52"]
[White "Goebel, Knut"]
[Black "Kannenberg, Carl-Friedrich"]
[Result "1/2-1/2"]
[WhiteElo "1766"]
[BlackElo "1927"]
[PlyCount "96"]
[EventDate "2013.??.??"]
[WhiteTeam "SC Ober-Ramstadt"]
[BlackTeam "SAbt TuS Dotzheim"]

1. d4 d5 2. c4 e6 3. Nc3 Be7 4. cxd5 exd5 5. Bf4 Nf6 6. e3 c6 7. Bd3 Be6 8.
Nge2 Nbd7 9. O-O O-O 10. Rc1 Rc8 11. a3 Re8 12. b4 a6 13. Na4 Nh5 14. Bg3 Nxg3
15. Nxg3 g6 16. Ne2 f5 17. Nf4 Bf7 18. Bb1 Bd6 19. Qf3 Nf6 20. Nc5 Rc7 21. g3
Ne4 22. Qd1 Bxf4 23. exf4 Rce7 24. Nd3 Qd6 25. Ne5 Kg7 26. f3 Nf6 27. Qd3 Be6
28. Rf2 Kh8 29. Qf1 a5 30. Qh3 Rg7 31. Rb2 axb4 32. axb4 Ra8 33. Bc2 Kg8 34.
Qf1 Rc7 35. Ra1 Rcc8 36. Ra5 Rxa5 37. bxa5 Qc7 38. Rb6 Ra8 39. Qe1 Re8 40. Qb4
Bc8 41. Qa3 Nd7 42. Rb1 Nf8 43. Qc3 Ne6 44. Ba4 Nd8 45. Rc1 Re6 46. Qc5 Qd6 47.
Kf2 Qxc5 48. Rxc5 Kf8 1/2-1/2

[Event "25.Schlosspark-Open"]
[Site "Wiesbaden-Biebrich"]
[Date "2013.08.24"]
[Round "4.53"]
[White "Berger, Ewald"]
[Black "Triantafillidis, Zoe"]
[Result "1-0"]
[WhiteElo "1923"]
[BlackElo "1691"]
[PlyCount "83"]
[EventDate "2013.??.??"]
[WhiteTeam "vereinslos"]
[BlackTeam "SF HN-Biberach 1978 e.V."]

1. c4 e5 2. Nc3 Nf6 3. g3 Bc5 4. Bg2 Nc6 5. d3 d6 6. Nf3 Bg4 7. O-O Qd7 8. Bg5
Nh5 9. Nd5 h6 10. Bd2 Ne7 11. Nxe7 Qxe7 12. h3 Bd7 13. e4 O-O 14. Kh2 Nf6 15.
b4 Bb6 16. a4 a5 17. b5 c6 18. Nh4 Nh7 19. Nf5 Qf6 20. f4 Qe6 21. Qg4 Qf6 22.
Nxh6+ Qxh6 23. Qxd7 cxb5 24. Qxb5 Bd4 25. Ra2 Qe6 26. f5 Qe7 27. Bxa5 Rfc8 28.
Bd2 Rc6 29. Qb3 Rca6 30. Rb1 b6 31. Bc3 Bxc3 32. Qxc3 Rxa4 33. Rxa4 Rxa4 34.
Rxb6 Nf6 35. Rb8+ Kh7 36. Qb3 Ra1 37. Rb7 Ng4+ 38. hxg4 Qg5 39. Qb2 Qh6+ 40.
Bh3 Rh1+ 41. Kxh1 Qxh3+ 42. Qh2 1-0

[Event "25.Schlosspark-Open"]
[Site "Wiesbaden-Biebrich"]
[Date "2013.08.24"]
[Round "4.54"]
[White "Lessmann, Sven"]
[Black "Lanz, Udo"]
[Result "0-1"]
[WhiteElo "1697"]
[BlackElo "1896"]
[PlyCount "114"]
[EventDate "2013.??.??"]
[WhiteTeam "SC Bad Soden"]
[BlackTeam "SC Eberbach"]

1. d4 Nf6 2. c4 e6 3. Nc3 d5 4. Nf3 c6 5. Bg5 Nbd7 6. e3 Qa5 7. Be2 Ne4 8. Qc1
dxc4 9. Bf4 b5 10. O-O Nxc3 11. bxc3 Ba3 12. Qc2 Bb7 13. Nd2 O-O 14. Rfb1 Ba6
15. Bf3 Rac8 16. Ne4 Qd8 17. Bd6 Bxd6 18. Nxd6 Rc7 19. e4 Nb6 20. e5 Nc8 21.
Ne4 Nb6 22. Nc5 Bc8 23. a3 a6 24. g3 Nd7 25. Ne4 c5 26. h4 Bb7 27. Ng5 g6 28.
Bxb7 Rxb7 29. Ne4 cxd4 30. cxd4 f6 31. exf6 Nxf6 32. Nc5 Re7 33. Qc3 Qd6 34.
Re1 Nd5 35. Qc2 e5 36. Ne4 Qc7 37. dxe5 Rxe5 38. Ng5 Rfe8 39. Rxe5 Qxe5 40. Qc1
Nc3 41. Kh2 Ne2 42. Qh1 Nd4 43. Qb7 Re7 44. Qc8+ Kg7 45. Rf1 Qe2 46. Kg2 Nf5
47. Kg1 h6 48. Nh3 Qe6 49. Qd8 Rd7 50. Nf4 Qc6 51. Qe8 Nd4 52. Re1 Nf3+ 53. Kf1
Nxe1 54. Ne6+ Kf6 55. Qf8+ Kxe6 56. Qg8+ Kd6 57. Qxg6+ Kc7 0-1

[Event "25.Schlosspark-Open"]
[Site "Wiesbaden-Biebrich"]
[Date "2013.08.24"]
[Round "4.55"]
[White "Spinnler, Wolfgang"]
[Black "Paschmann, Stefan"]
[Result "1/2-1/2"]
[WhiteElo "1683"]
[BlackElo "1886"]
[PlyCount "37"]
[EventDate "2013.??.??"]
[WhiteTeam "SC Landskrone"]
[BlackTeam "Krefelder SK Turm 1851 e"]

1. d4 d5 2. c4 c6 3. cxd5 cxd5 4. Nc3 Nf6 5. Bg5 e6 6. a3 Be7 7. e3 O-O 8. Bd3
Nbd7 9. Nge2 Nh5 10. Bxe7 Qxe7 11. Ng3 Nhf6 12. O-O b6 13. Qd2 Bb7 14. Rae1
Rad8 15. Qc2 g6 16. Kh1 Rc8 17. f3 Qd6 18. Qf2 h5 19. Nb5 1/2-1/2

[Event "25.Schlosspark-Open"]
[Site "Wiesbaden-Biebrich"]
[Date "2013.08.24"]
[Round "4.56"]
[White "Puschendorf, Steffen"]
[Black "Krischak, Werner"]
[Result "1-0"]
[WhiteElo "2220"]
[BlackElo "1776"]
[PlyCount "57"]
[EventDate "2013.??.??"]
[WhiteTeam "ESV Gera"]
[BlackTeam "SK Marburg 1931/72"]

1. d4 d5 2. Nf3 Nf6 3. g3 c6 4. Bg2 Bg4 5. Ne5 Bh5 6. O-O e6 7. b3 Nbd7 8. Bb2
Qc7 9. Nd2 Bd6 10. Ndf3 Bxf3 11. Nxf3 e5 12. dxe5 Nxe5 13. Nd4 Qd7 14. c4 O-O
15. Qc2 Rfe8 16. Nf5 Bf8 17. Rad1 g6 18. Ne3 Neg4 19. Nxg4 Nxg4 20. cxd5 cxd5
21. Rxd5 Qe6 22. h3 Nf6 23. Re5 Qa6 24. Rxe8 Rxe8 25. e3 Bg7 26. a4 b6 27. Rc1
Qa5 28. Qc6 Qf5 29. Bxf6 1-0

[Event "25.Schlosspark-Open"]
[Site "Wiesbaden-Biebrich"]
[Date "2013.08.24"]
[Round "4.57"]
[White "Weiland, Thomas"]
[Black "Traut, Stefan"]
[Result "1/2-1/2"]
[WhiteElo "1997"]
[BlackElo "1775"]
[PlyCount "57"]
[EventDate "2013.??.??"]
[WhiteTeam "SV Oberursel"]
[BlackTeam "Sfr. Heusenstamm"]

1. e4 c5 2. Nf3 d6 3. d4 cxd4 4. Nxd4 Nf6 5. Nc3 g6 6. Bb5+ Bd7 7. O-O Bg7 8.
h3 O-O 9. Be3 a6 10. Bd3 Nc6 11. Nxc6 Bxc6 12. Qd2 Rc8 13. Bh6 Re8 14. Bxg7
Kxg7 15. Rfe1 Qa5 16. Rad1 b5 17. a3 Bb7 18. Re2 Qb6 19. Rde1 Nd7 20. Nd5 Bxd5
21. exd5 Ne5 22. b4 Rc7 23. Kh2 Qd4 24. Qe3 Qxe3 25. Rxe3 Nxd3 26. cxd3 Kf8 27.
a4 Rc2 28. axb5 axb5 29. Kg3 1/2-1/2

[Event "25.Schlosspark-Open"]
[Site "Wiesbaden-Biebrich"]
[Date "2013.08.24"]
[Round "4.58"]
[White "Schneider, Lutz"]
[Black "Cichy, Michael"]
[Result "0-1"]
[WhiteElo "1772"]
[BlackElo "1992"]
[PlyCount "164"]
[EventDate "2013.??.??"]
[WhiteTeam "Vorw.Orient Mainz"]
[BlackTeam "SC Braunschweig Gliesmarode v. 1"]

1. e4 c5 2. Nf3 e6 3. c3 Nf6 4. e5 Nd5 5. Bc4 b6 6. d4 Bb7 7. O-O d6 8. dxc5
dxc5 9. Bb5+ Bc6 10. Qa4 Bxb5 11. Qxb5+ Qd7 12. Qe2 Nc6 13. Rd1 Qb7 14. c4 Nde7
15. Bg5 h6 16. Bf4 Nf5 17. Qe4 g5 18. Be3 Na5 19. Nc3 Qxe4 20. Nxe4 Be7 21. b3
O-O 22. Rd7 Rfd8 23. Rad1 Nc6 24. Rxd8+ Rxd8 25. Rxd8+ Bxd8 26. Bd2 Kg7 27. h3
Bc7 28. g4 Nfd4 29. Nxd4 Nxd4 30. Nd6 Kf8 31. Kg2 Bxd6 32. exd6 e5 33. b4 Ke8
34. bxc5 bxc5 35. Ba5 Kd7 36. Bc7 a6 37. Bb8 f6 38. Kg3 Nc6 39. Bc7 Nd4 40. h4
Ke6 41. hxg5 hxg5 42. Bd8 Nc6 43. Bc7 Nb4 44. Bd8 Nc6 45. Bc7 e4 46. a4 Ne5 47.
Bd8 Nd7 48. Bc7 Ke5 49. f3 e3 50. Ba5 Kd4 51. f4 gxf4+ 52. Kxf4 Kxc4 53. Kxe3
Kd5 54. Bc7 Ne5 55. Kf4 Ke6 56. g5 fxg5+ 57. Kxg5 Nf7+ 58. Kf4 Nxd6 59. Ke3 Kd5
60. Kd3 Ne4 61. Bb6 c4+ 62. Kc2 Nc5 63. a5 Ne4 64. Be3 Kc6 65. Bb6 Kb5 66. Bd8
Nc5 67. Bb6 Na4 68. Bd8 Nc5 69. Bb6 Nd7 70. Kc3 Ne5 71. Bd8 Nc6 72. Bb6 Ne7 73.
Bd8 Nd5+ 74. Kd4 Nf4 75. Kc3 Ne2+ 76. Kd2 Ng3 77. Kc3 Kc5 78. Be7+ Kd5 79. Bf8
Ne4+ 80. Kc2 Nd6 81. Bg7 Nb7 82. Bc3 Kc5 0-1

[Event "25.Schlosspark-Open"]
[Site "Wiesbaden-Biebrich"]
[Date "2013.08.24"]
[Round "4.59"]
[White "Pade, Joachim"]
[Black "Braunberger, Gerald"]
[Result "0-1"]
[WhiteElo "1754"]
[BlackElo "1951"]
[PlyCount "54"]
[EventDate "2013.??.??"]
[WhiteTeam "Sfr. Anderssen Wetzlar"]
[BlackTeam "SK Bad Homburg 1927"]

1. e4 c5 2. Nf3 g6 3. c3 Bg7 4. h3 Nf6 5. Bd3 Nc6 6. Bc2 O-O 7. a3 d5 8. e5 Ne8
9. d4 cxd4 10. cxd4 f6 11. Bf4 Qb6 12. b4 fxe5 13. Bxe5 Nxe5 14. dxe5 e6 15.
O-O Bd7 16. Nbd2 Nc7 17. Nb3 Ba4 18. Nc5 Bxc2 19. Qxc2 Rad8 20. Rac1 Na6 21.
Rfe1 Bh6 22. Rb1 Rc8 23. Rec1 Bxc1 24. Qxc1 Nxc5 25. Qh6 Ne4 26. Rf1 Rc2 27.
Nh4 Rcxf2 0-1

[Event "25.Schlosspark-Open"]
[Site "Wiesbaden-Biebrich"]
[Date "2013.08.24"]
[Round "4.60"]
[White "Haftmann, Rainer"]
[Black "Maleski, Heinz"]
[Result "1-0"]
[WhiteElo "1939"]
[BlackElo "1771"]
[PlyCount "39"]
[EventDate "2013.??.??"]
[WhiteTeam "SAbt SG 1945 Dietzenbach"]
[BlackTeam "SC Budenheim"]

1. e4 c5 2. Nf3 Nc6 3. d4 cxd4 4. Nxd4 g6 5. Nc3 Bg7 6. Be3 a6 7. Qd2 Nf6 8. f3
O-O 9. Bc4 e6 10. Bb3 d5 11. exd5 exd5 12. O-O-O Be6 13. h4 a5 14. a4 Nh5 15.
g4 Nf6 16. h5 Re8 17. hxg6 fxg6 18. Nxe6 Rxe6 19. Nxd5 Re8 20. Nxf6+ 1-0

[Event "25.Schlosspark-Open"]
[Site "Wiesbaden-Biebrich"]
[Date "2013.08.24"]
[Round "4.61"]
[White "Wilke, Jörg"]
[Black "Brandt, Michael"]
[Result "0-1"]
[WhiteElo "1926"]
[BlackElo "1758"]
[PlyCount "52"]
[EventDate "2013.??.??"]
[WhiteTeam "SC Matt im Park Ffm"]
[BlackTeam "Wiesbadener SV 1885"]

1. d4 f5 2. c4 Nf6 3. Nc3 e6 4. g3 c6 5. Bg2 d5 6. cxd5 exd5 7. Nf3 Bd6 8. Ne5
O-O 9. f4 Be6 10. O-O Na6 11. a3 Rc8 12. b4 Nc7 13. Na4 Na6 14. Rb1 b5 15. Nc5
Nxc5 16. bxc5 Bxe5 17. fxe5 Ne4 18. Bxe4 fxe4 19. Bd2 Qd7 20. h4 Rxf1+ 21. Qxf1
Rf8 22. Bf4 Bh3 23. Qe1 Rxf4 24. gxf4 Qg4+ 25. Kf2 Qxf4+ 26. Kg1 e3 0-1

[Event "25.Schlosspark-Open"]
[Site "Wiesbaden-Biebrich"]
[Date "2013.08.24"]
[Round "4.62"]
[White "Rennhack, Peer"]
[Black "Gnad, Gunnar"]
[Result "1-0"]
[WhiteElo "1919"]
[BlackElo "1755"]
[PlyCount "115"]
[EventDate "2013.??.??"]
[WhiteTeam "Sabt Frankfurter TV 1860"]
[BlackTeam "Gambit Bonneweg"]

1. e4 e5 2. Nf3 Nc6 3. Bb5 a6 4. Ba4 d6 5. c3 Nf6 6. Bc2 Be7 7. O-O O-O 8. h3
b6 9. d4 Bd7 10. Re1 h6 11. Nbd2 Qc8 12. Nf1 Re8 13. N3h2 Bf8 14. Re3 g6 15. d5
Ne7 16. Rf3 Nh7 17. c4 Bg7 18. Rg3 Kh8 19. Ng4 Ng8 20. Rb1 h5 21. Ngh2 Rf8 22.
f4 h4 23. Rf3 Ne7 24. fxe5 dxe5 25. b4 f5 26. c5 fxe4 27. Bxe4 Bf5 28. Qe2 Bxe4
29. Qxe4 Nf5 30. Ng4 Qe8 31. Rd3 Rd8 32. Nfh2 Ng3 33. Rxg3 hxg3 34. Nf3 Qa4 35.
Bb2 Rf4 36. Qxg6 Rxg4 37. hxg4 Rxd5 38. Re1 Nf8 39. Qh5+ Kg8 40. Nxe5 Qc2 41.
Qf7+ Kh7 42. Nd3 Rd7 43. Qf5+ Kg8 44. Bxg7 Rxg7 45. Re8 Qd1+ 46. Qf1 Qxf1+ 47.
Kxf1 Rxg4 48. cxb6 cxb6 49. Ra8 a5 50. bxa5 Ra4 51. a6 Rxa2 52. a7 Ra1+ 53. Ke2
Kg7 54. Nb4 Ne6 55. Nc6 Nc7 56. Rc8 Ra2+ 57. Kf3 Ra3+ 58. Kg4 1-0

[Event "25.Schlosspark-Open"]
[Site "Wiesbaden-Biebrich"]
[Date "2013.08.24"]
[Round "4.63"]
[White "Kirmeir, Andreas"]
[Black "Fröhlich-Dill, Astrid"]
[Result "1-0"]
[WhiteElo "1738"]
[BlackElo "1904"]
[PlyCount "41"]
[EventDate "2013.??.??"]
[WhiteTeam "SC Landskrone"]
[BlackTeam "SV 1920 Hofheim"]

1. b3 Nf6 2. Bb2 e6 3. g3 d5 4. Bg2 c5 5. d3 Nc6 6. Nd2 Be7 7. e3 Qc7 8. Ne2
O-O 9. a3 b6 10. h3 Bb7 11. Nf4 Rad8 12. g4 e5 13. Ne2 Rfe8 14. Ng3 e4 15. Nf5
d4 16. Nxe4 Nxe4 17. Bxe4 Bf6 18. g5 Be7 19. Qh5 Bf8 20. Ne7+ Bxe7 21. Qxh7+
1-0

[Event "25.Schlosspark-Open"]
[Site "Wiesbaden-Biebrich"]
[Date "2013.08.24"]
[Round "4.64"]
[White "Gauer, Jakob"]
[Black "Breitbach, Stephan"]
[Result "1-0"]
[WhiteElo "1898"]
[BlackElo "1741"]
[PlyCount "93"]
[EventDate "2013.??.??"]
[WhiteTeam "SC Ostfildern 1952 e.V."]
[BlackTeam "SC 1961 König Nied"]

1. e4 e5 2. Nf3 Nc6 3. Bb5 d6 4. c3 a6 5. Ba4 b5 6. Bb3 Nf6 7. d3 Na5 8. Bc2
Bb7 9. O-O Be7 10. h3 Bc6 11. Re1 O-O 12. b3 Nb7 13. Be3 Nd7 14. d4 exd4 15.
Nxd4 Ne5 16. f4 Bd7 17. fxe5 dxe5 18. Nf3 Qc8 19. Kh2 Rd8 20. Qe2 a5 21. Nbd2
Ra6 22. Nf1 Nc5 23. Ng3 Bd6 24. Rad1 Ne6 25. Nf5 Nf4 26. Bxf4 Bxf5 27. exf5
exf4 28. Qxb5 c6 29. Qc4 c5 30. Re4 Ra8 31. Rde1 Bf8 32. R4e2 Qa6 33. Qxa6 Rxa6
34. Re8 Raa8 35. Rxd8 Rxd8 36. c4 Rb8 37. Re5 g6 38. fxg6 fxg6 39. Rd5 Re8 40.
Re5 Rb8 41. Kg1 Rd8 42. Re2 Bg7 43. Kf2 Bd4+ 44. Nxd4 cxd4 45. Rd2 g5 46. Be4
Kg7 47. Bd5 1-0

[Event "25.Schlosspark-Open"]
[Site "Wiesbaden-Biebrich"]
[Date "2013.08.24"]
[Round "4.65"]
[White "Rößler, Lukas Namgyu"]
[Black "Launert, Martin"]
[Result "0-1"]
[WhiteElo "1604"]
[BlackElo "1882"]
[PlyCount "116"]
[EventDate "2013.??.??"]
[WhiteTeam "SK Mannheim-Lindenhof 1865"]
[BlackTeam "Sfr.Erbach"]

1. e4 e5 2. Nf3 Nc6 3. Bb5 a6 4. Ba4 Nf6 5. O-O Be7 6. Re1 b5 7. Bb3 O-O 8. d4
d6 9. c3 Bg4 10. Be3 Re8 11. Nbd2 Bf8 12. Qc2 Na5 13. Bg5 h6 14. Bh4 Nxb3 15.
axb3 c5 16. h3 Bh5 17. Qd3 g5 18. Bg3 Nd7 19. b4 exd4 20. cxd4 cxb4 21. Qb3 Bg6
22. Qd5 Nf6 23. Qc6 Qc8 24. Qb6 Nd7 25. Qa5 Qb7 26. d5 Nc5 27. Re3 Nxe4 28.
Qxb4 Nxg3 29. Rxe8 Rxe8 30. fxg3 Qxd5 31. Rxa6 Qc5+ 32. Qd4 Bg7 33. Qxc5 dxc5
34. b3 Rd8 35. Rc6 Bc3 36. Nf1 Bb4 37. Rb6 Kg7 38. Rxb5 Bc2 39. Ne5 Bxb3 40.
Nc6 Bc4 41. Rb6 Rd1 42. Nxb4 Rxf1+ 43. Kh2 cxb4 44. Rxb4 Bd5 45. Rd4 Be6 46. g4
Kf6 47. Kg3 Ke5 48. Rd2 Rf4 49. Rd8 Kf6 50. Rd2 Rb4 51. Rf2+ Kg6 52. Rd2 Rb3+
53. Kf2 Ra3 54. Rb2 Ra2 55. Rxa2 Bxa2 56. g3 Kf6 57. h4 Ke5 58. Ke3 Bb3 0-1

[Event "25.Schlosspark-Open"]
[Site "Wiesbaden-Biebrich"]
[Date "2013.08.24"]
[Round "4.66"]
[White "Thomele, Michael"]
[Black "Bratmann, Marc"]
[Result "1/2-1/2"]
[WhiteElo "1882"]
[BlackElo "1730"]
[PlyCount "116"]
[EventDate "2013.??.??"]
[WhiteTeam "SC 1959 Obernau"]
[BlackTeam "SAbt TuS Dotzheim"]

1. e4 c6 2. d4 d5 3. Nc3 dxe4 4. Nxe4 Nd7 5. Nf3 Ngf6 6. Nxf6+ Nxf6 7. Bc4 Bg4
8. Be3 e6 9. h3 Bf5 10. Qe2 Be7 11. O-O-O Qc7 12. Kb1 O-O-O 13. Bb3 Kb8 14.
Rhe1 h6 15. g4 Bh7 16. Ne5 Rhf8 17. Ka1 Nd7 18. c4 Ka8 19. Nf3 Rfe8 20. Rc1 Nb6
21. Red1 Qb8 22. Qd2 g5 23. Qa5 Qc7 24. d5 c5 25. dxe6 fxe6 26. Qc3 Rf8 27. Qg7
Rxf3 28. Qxh7 Rxh3 29. Rxd8+ Qxd8 30. Rd1 Qe8 31. a3 h5 32. gxh5 Rxh5 33. Qe4
Qc8 34. Rg1 Rh4 35. Qd3 Qd8 36. Qc2 a6 37. Rd1 Qf8 38. Qe2 g4 39. Bd2 Qf7 40.
Ba5 Ka7 41. Qe5 Rh3 42. Bxb6+ Kxb6 43. Bc2 Bf8 44. Kb1 Rf3 45. Re1 Rxf2 46.
Qxe6+ Qxe6 47. Rxe6+ Kc7 48. Rg6 Rf4 49. b3 Bd6 50. Rg7+ Kc6 51. Rg6 g3 52. Kb2
Rf2 53. Kb1 Kc7 54. Rg7+ Kb8 55. Be4 Bc7 56. b4 Re2 57. Bd5 cxb4 58. axb4 Rb2+
1/2-1/2

[Event "25.Schlosspark-Open"]
[Site "Wiesbaden-Biebrich"]
[Date "2013.08.24"]
[Round "4.67"]
[White "Lukas, Sebastian"]
[Black "Diehl, Stefan"]
[Result "0-1"]
[WhiteElo "1872"]
[BlackElo "1699"]
[PlyCount "70"]
[EventDate "2013.??.??"]
[WhiteTeam "SC 1979 Hattersheim"]
[BlackTeam "SC 1910 Höchst"]

1. e4 d5 2. exd5 Qxd5 3. Nc3 Qa5 4. d4 Nf6 5. Bc4 Bf5 6. Nf3 e6 7. Bd2 c6 8.
Qe2 Be7 9. d5 cxd5 10. Bb5+ Nbd7 11. Ne5 Qd8 12. g4 Bxc2 13. g5 O-O 14. gxf6
Nxf6 15. Bh6 Bg6 16. Nxg6 hxg6 17. Be3 a6 18. Ba4 d4 19. O-O-O e5 20. f4 Qa5
21. Bxd4 exd4 22. Rxd4 Bc5 23. Rc4 Rac8 24. Qe5 Be3+ 25. Qxe3 Rxc4 26. Bb3 Rc7
27. Kb1 Qf5+ 28. Bc2 Qc5 29. Qd3 Rfc8 30. Rc1 b5 31. Ne4 Nxe4 32. Qxe4 Qf2 33.
a3 Rc4 34. Qd3 Qxf4 35. Rf1 Qd4 0-1

[Event "25.Schlosspark-Open"]
[Site "Wiesbaden-Biebrich"]
[Date "2013.08.24"]
[Round "4.68"]
[White "Keymer, Vincent"]
[Black "Lorenz, Hermann"]
[Result "1-0"]
[WhiteElo "1861"]
[BlackElo "1673"]
[PlyCount "57"]
[EventDate "2013.??.??"]
[WhiteTeam "SK Gau-Algesheim"]
[BlackTeam "Sfr.Mainz 1928"]

1. e4 d6 2. d4 Nf6 3. f3 g6 4. c4 Bg7 5. Nc3 O-O 6. Be3 h6 7. Qd2 Kh7 8. Bd3
Nbd7 9. Nge2 e5 10. d5 Nc5 11. Bc2 a5 12. h4 h5 13. O-O-O Bd7 14. Kb1 Rb8 15.
a4 Qe8 16. b3 Ng8 17. g4 f5 18. exf5 gxf5 19. gxf5 Bxf5 20. Bxf5+ Rxf5 21. Qc2
Qd7 22. Ng3 Rbf8 23. Nxf5 Qxf5 24. Bxc5 Qxc2+ 25. Kxc2 dxc5 26. Ne4 b6 27. Rhg1
Bf6 28. Ng5+ Bxg5 29. Rxg5 1-0

[Event "25.Schlosspark-Open"]
[Site "Wiesbaden-Biebrich"]
[Date "2013.08.24"]
[Round "4.69"]
[White "Rosmanitz, Anna"]
[Black "Wolf, Gabriel"]
[Result "0-1"]
[WhiteElo "1615"]
[BlackElo "1859"]
[PlyCount "50"]
[EventDate "2013.??.??"]
[WhiteTeam "SC 1979 Hattersheim"]
[BlackTeam "Vorw.Orient Mainz"]

1. e4 c5 2. Nc3 g6 3. f4 Bg7 4. Nf3 Nc6 5. Bc4 e6 6. d3 Nge7 7. O-O O-O 8. Nh4
d5 9. exd5 exd5 10. Bb3 Nd4 11. Be3 Nxb3 12. axb3 d4 13. f5 Nxf5 14. Nxf5 Bxf5
15. Bd2 dxc3 16. bxc3 Qc7 17. Bf4 Be5 18. Bxe5 Qxe5 19. d4 Qe3+ 20. Rf2 Qxc3
21. dxc5 Rfd8 22. Qc1 Qxc5 23. Qf4 Qd4 24. Qc1 Bxc2 25. Qf1 Qxa1 0-1

[Event "25.Schlosspark-Open"]
[Site "Wiesbaden-Biebrich"]
[Date "2013.08.24"]
[Round "4.70"]
[White "Hipler, Andreas"]
[Black "Hill, Michael"]
[Result "1-0"]
[WhiteElo "1858"]
[BlackElo "1621"]
[PlyCount "81"]
[EventDate "2013.??.??"]
[WhiteTeam "SK Gau-Algesheim"]
[BlackTeam "Wiesbadener SV 1885"]

1. e4 c6 2. d4 d5 3. exd5 cxd5 4. Bd3 Nc6 5. c3 Nf6 6. Bf4 Bg4 7. Qb3 Qc8 8.
Nd2 e6 9. Ngf3 Be7 10. O-O O-O 11. Rae1 Re8 12. Qc2 Bh5 13. Be5 Bg6 14. Bxg6
hxg6 15. Qd3 Ng4 16. Re2 Ncxe5 17. dxe5 Bc5 18. h3 Nh6 19. g4 Bb6 20. Nh4 Bd8
21. Ng2 Bb6 22. Kh1 Kf8 23. f4 Ke7 24. c4 Nxg4 25. Qa3+ Bc5 26. b4 Bd4 27. Qd3
Rh8 28. h4 Bb6 29. cxd5 exd5 30. Qxd5 Nf2+ 31. Rexf2 Qh3+ 32. Kg1 Rad8 33.
Qxb7+ Rd7 34. Qf3 Qe6 35. Nb3 Bxf2+ 36. Qxf2 Rc7 37. Rd1 Qb6 38. Qxb6 axb6 39.
Rd6 Rb8 40. Nd4 Rbb7 41. Nc6+ 1-0

[Event "25.Schlosspark-Open"]
[Site "Wiesbaden-Biebrich"]
[Date "2013.08.24"]
[Round "4.71"]
[White "Budde, Michael"]
[Black "Baumeister, Lutz"]
[Result "1-0"]
[WhiteElo "1845"]
[BlackElo "1617"]
[PlyCount "43"]
[EventDate "2013.??.??"]
[WhiteTeam "SC 1979 Hattersheim"]
[BlackTeam "Wiesbadener SV 1885"]

1. d4 Nf6 2. Nf3 d5 3. Bf4 g6 4. e3 Bg7 5. Nbd2 O-O 6. Bd3 Nbd7 7. c3 b6 8. h4
c5 9. Ne5 Nxe5 10. Bxe5 Nh5 11. Bxg7 Nxg7 12. g4 f6 13. h5 g5 14. Qc2 f5 15. h6
Ne8 16. Nf3 e6 17. Rh5 Kh8 18. gxf5 exf5 19. Rxg5 Rg8 20. Rxg8+ Kxg8 21. Bxf5
Bxf5 22. Qxf5 1-0

[Event "25.Schlosspark-Open"]
[Site "Wiesbaden-Biebrich"]
[Date "2013.08.24"]
[Round "4.72"]
[White "Goldschmidt, Andreas"]
[Black "Roth, Michael"]
[Result "1/2-1/2"]
[WhiteElo "1836"]
[BlackElo "1607"]
[PlyCount "63"]
[EventDate "2013.??.??"]
[WhiteTeam "SC 1953 Ronneburg"]
[BlackTeam "SC Lerchenberg/ZMO"]

1. e4 e5 2. Nf3 Nc6 3. d4 exd4 4. Nxd4 Bc5 5. Be3 Qf6 6. c3 Ne5 7. Be2 c6 8.
O-O d5 9. exd5 cxd5 10. Qb3 Ne7 11. Qb5+ Nd7 12. Bg4 Bd6 13. Nd2 a6 14. Qa4 Rb8
15. N2f3 h6 16. Ne2 b5 17. Qd1 Ng6 18. Qxd5 Bb7 19. Qd4 Rd8 20. Bxd7+ Rxd7 21.
Qxf6 gxf6 22. Nfd4 Rg8 23. Nf5 Ne5 24. Nxd6+ Rxd6 25. Ng3 h5 26. f3 Re6 27. Bd4
h4 28. Bxe5 fxe5 29. Nf5 Rg5 30. g4 h3 31. Rad1 Bc6 32. Nd6+ 1/2-1/2

[Event "25.Schlosspark-Open"]
[Site "Wiesbaden-Biebrich"]
[Date "2013.08.24"]
[Round "4.73"]
[White "Künne, Lutz Dieter"]
[Black "Koch, Thomas"]
[Result "0-1"]
[WhiteElo "1542"]
[BlackElo "1836"]
[PlyCount "94"]
[EventDate "2013.??.??"]
[WhiteTeam "Kings Club 98 Jena"]
[BlackTeam "SV 1934 Ffm-Griesheim"]

1. e4 e6 2. d4 d5 3. Nd2 Nf6 4. e5 Nfd7 5. Bd3 c5 6. c3 Qb6 7. Ndf3 cxd4 8.
cxd4 Nc6 9. Ne2 Bb4+ 10. Bd2 Bxd2+ 11. Qxd2 Qb4 12. a3 Qxd2+ 13. Nxd2 f6 14.
exf6 Nxf6 15. O-O O-O 16. Nf3 Bd7 17. Rfe1 Nh5 18. Rad1 h6 19. Bg6 Be8 20. Bc2
g5 21. Ne5 Nxe5 22. dxe5 Rc8 23. Nc3 Rf4 24. Bb3 Bg6 25. Rd2 a6 26. f3 b5 27.
Ne2 Rf7 28. Nd4 Ng7 29. Ne2 Rfc7 30. Nc3 Nf5 31. Ne4 Rc1 32. Nf6+ Kg7 33. Rdd1
Rxd1 34. Rxd1 Ne3 35. Re1 Nc4 36. Rc1 Rc6 37. Ng4 h5 38. Bxc4 hxg4 39. Rc3 Rxc4
40. Rxc4 bxc4 41. fxg4 Kf7 42. Kf2 d4 43. Ke1 Ke7 44. Kd2 Kd7 45. g3 Kc6 46. h4
Kd5 47. h5 Bh7 0-1

[Event "25.Schlosspark-Open"]
[Site "Wiesbaden-Biebrich"]
[Date "2013.08.24"]
[Round "4.74"]
[White "Meaubert, Thomas"]
[Black "Künitz, Klaus"]
[Result "1-0"]
[WhiteElo "1834"]
[BlackElo "1535"]
[PlyCount "35"]
[EventDate "2013.??.??"]
[WhiteTeam "Sfr. Hochheim"]
[BlackTeam "TSV Schott Mainz"]

1. c4 f5 2. g3 Nf6 3. Nc3 e5 4. d3 g6 5. Bg2 Bg7 6. e3 O-O 7. Nge2 c6 8. b3 Na6
9. Bb2 Nc7 10. O-O d5 11. cxd5 cxd5 12. Rc1 Be6 13. Na4 Nd7 14. Qd2 b6 15. Rc6
Rf7 16. Rfc1 Nf8 17. Ba3 Nb5 18. Bxf8 1-0

[Event "25.Schlosspark-Open"]
[Site "Wiesbaden-Biebrich"]
[Date "2013.08.24"]
[Round "4.75"]
[White "Ivkin, Michael"]
[Black "Mehl, Ulrich"]
[Result "1/2-1/2"]
[WhiteElo "1822"]
[BlackElo "1520"]
[PlyCount "94"]
[EventDate "2013.??.??"]
[WhiteTeam "Wiesbadener SV 1885"]
[BlackTeam "SAbt TSG Nieder-Erlenbach 1888"]

1. d4 d5 2. Nf3 Nf6 3. e3 Bf5 4. Bd3 Bxd3 5. Qxd3 c6 6. Nbd2 e6 7. c4 Bd6 8.
Qb3 b6 9. Qa4 O-O 10. Qc2 c5 11. b3 Nbd7 12. Bb2 Rc8 13. O-O Bb8 14. Rac1 cxd4
15. exd4 Qc7 16. g3 h6 17. Qd3 Qd6 18. Rfe1 Ng4 19. Ne5 Ngxe5 20. dxe5 Nc5 21.
Qe3 Qd7 22. Red1 Rfd8 23. Nf3 Qb7 24. Rd4 dxc4 25. Rcxc4 Rxd4 26. Bxd4 Na6 27.
Nd2 Rxc4 28. Nxc4 Nb4 29. Qd2 Nd5 30. Bb2 Qc6 31. Qd4 b5 32. Nd2 Qb6 33. Qxb6
Nxb6 34. f4 Kf8 35. Ba3+ Ke8 36. Ne4 Nd5 37. Bd6 Bxd6 38. Nxd6+ Kd7 39. Nxb5 a6
40. Nd4 g6 41. Kf2 f6 42. Nf3 Kc6 43. Nd4+ Kd7 44. Kf3 fxe5 45. fxe5 Nb4 46. a3
Nd3 47. Ke4 Nf2+ 1/2-1/2

[Event "25.Schlosspark-Open"]
[Site "Wiesbaden-Biebrich"]
[Date "2013.08.24"]
[Round "4.77"]
[White "Happel, Jonas"]
[Black "Reinisch, Markus"]
[Result "1-0"]
[WhiteElo "1780"]
[BlackElo "1040"]
[PlyCount "110"]
[EventDate "2013.??.??"]
[WhiteTeam "SV 1920 Hofheim"]
[BlackTeam "Wiesbadener SV 1885"]

1. d4 d5 2. Nf3 Nf6 3. c4 e6 4. Nc3 c5 5. dxc5 Bxc5 6. cxd5 Nxd5 7. Nxd5 Qxd5
8. Qxd5 exd5 9. e3 Nc6 10. a3 a5 11. Bb5 O-O 12. O-O Bg4 13. Bxc6 bxc6 14. Ne5
Be6 15. Nxc6 Rfc8 16. Ne5 Bd6 17. Nf3 a4 18. Bd2 Bg4 19. Bc3 Bxf3 20. gxf3 Bc7
21. Rac1 Ra6 22. Be5 Ra7 23. Rc2 f6 24. Bg3 Kf7 25. Rfc1 Bxg3 26. Rxc8 Be5 27.
Rb1 g5 28. Kg2 Rb7 29. Ra8 Bxb2 30. Rc8 Rb3 31. Ra8 Be5 32. Ra7+ Kg6 33. Rxb3
axb3 34. Rb7 b2 35. a4 Bc3 36. a5 Bxa5 37. Rxb2 Bc3 38. Rb5 d4 39. Rd5 dxe3 40.
fxe3 Be5 41. Ra5 h5 42. Ra8 Kf5 43. Rh8 Kg6 44. h3 h4 45. Ra8 Bg3 46. e4 Be5
47. Ra7 Kh6 48. Kf1 Kg6 49. Ke2 Kh6 50. Kd3 Kg6 51. Kc4 Kh6 52. Kd5 Kg6 53. Ke6
Bb2 54. Ra8 Bc3 55. Rg8+ Kh7 1-0